[Event "Coupe 2000"]
[Site "Saint Quentin"]
[Date "2019.06.30"]
[Round "5.3"]
[White "Rocher, Guillaume"]
[Black "Terrier, Tom"]
[Result "1/2-1/2"]
[WhiteElo "1609"]
[BlackElo "1865"]
[PlyCount "92"]
[EventDate "2019.06.29"]
[EventType "team-match"]
[EventRounds "5"]
[EventCountry "FRA"]
[SourceTitle "EXT 2020"]
[Source "ChessBase"]
[SourceDate "2019.10.17"]
[SourceVersion "1"]
[SourceVersionDate "2019.10.17"]
[SourceQuality "1"]

1. d4 Nf6 2. Nf3 d5 3. c4 e6 4. Nc3 c6 5. Bg5 Be7 6. e3 Nbd7 7. Qc2 h6 8. Bh4 Qa5 9. Bd3 dxc4 10. Bxc4 Nb6 11. Be2 Bd7 12. Nd2 Nbd5 13. 0-0 0-0 14. Nc4 Qd8 15. e4 Nf4 16. e5 N6d5 17. Bxe7 Qxe7 18. Ne4 c5 19. dxc5 Bb5 20. Bf3 Rac8 21. Rfd1 Bxc4 22. Qxc4 b6 23. b4 Rfd8 24. Nd6 Rc7 25. g3 Ng6 26. Re1 bxc5 27. bxc5 Nb6 28. Qd4 Nd7 29. Bh5 Rxc5 30. Bxg6 fxg6 31. f4 Rd5 32. Qe4 Kh7 33. Rad1 Nb6 34. h4 h5 35. Rc1 Rd7 36. Rc2 Rc7 37. Rec1 Rxc2 38. Rxc2 Qd7 39. Kf2 Rd1 40. Qb4 Rd5 41. Ne4 Rd4 42. Ng5+ Kh6 43. Nf7+ Kh7 44. Ng5+ Kh6 45. Nf7+ Kh7 46. Ng5+ Kh6 1/2-1/2

[Event "Coupe 2000"]
[Site "Saint Quentin"]
[Date "2019.06.29"]
[Round "2.3"]
[White "Terrier, Tom"]
[Black "Dreyfus, Jacques"]
[Result "0-1"]
[WhiteElo "1865"]
[BlackElo "1987"]
[PlyCount "64"]
[EventDate "2019.06.29"]
[EventType "team-match"]
[EventRounds "5"]
[EventCountry "FRA"]
[SourceTitle "EXT 2020"]
[Source "ChessBase"]
[SourceDate "2019.10.17"]
[SourceVersion "1"]
[SourceVersionDate "2019.10.17"]
[SourceQuality "1"]

1. e4 e5 2. Bc4 Nf6 3. d3 Bc5 4. Nf3 Nc6 5. 0-0 a6 6. a4 d6 7. h3 h6 8. Nbd2 g5 9. Nh2 g4 10. hxg4 Rg8 11. Nb3 Bxg4 12. Nxg4 Nxg4 13. Qf3 Qe7 14. Nxc5 dxc5 15. c3 0-0-0 16. Qf5+ Kb8 17. f3 Nf6 18. Kf2 Na5 19. Be3 Rg6 20. Rad1 Ng4+ 21. Ke2 Nxe3 22. Kxe3 Nxc4+ 23. dxc4 Rxg2 24. Rxd8+ Qxd8 25. Rf2 Rxf2 26. Kxf2 Qh4+ 27. Kg2 Qe7 28. Kf2 c6 29. f4 Qh4+ 30. Kf3 Qxf4+ 31. Qxf4 exf4 32. Kxf4 Kc7 0-1